<?xml version="1.0" encoding="UTF-8"?>
<record
    xmlns:xsi="http://www.w3.org/2001/XMLSchema-instance"
    xsi:schemaLocation="http://www.loc.gov/MARC21/slim http://www.loc.gov/standards/marcxml/schema/MARC21slim.xsd"
    xmlns="http://www.loc.gov/MARC21/slim">

  <leader>01240nam a2200325 i 4500</leader>
  <datafield tag="999" ind1=" " ind2=" ">
    <subfield code="c">357956</subfield>
    <subfield code="d">357956</subfield>
  </datafield>
  <controlfield tag="001">000000055894</controlfield>
  <controlfield tag="003">IT-MiSPE</controlfield>
  <controlfield tag="005">20180710092540.0</controlfield>
  <controlfield tag="008">041027s1996    xx           u000 u ita c</controlfield>
  <datafield tag="020" ind1=" " ind2=" ">
    <subfield code="a">9788806200640</subfield>
  </datafield>
  <datafield tag="035" ind1=" " ind2=" ">
    <subfield code="a">(IT-RoPUS)55894</subfield>
  </datafield>
  <datafield tag="040" ind1=" " ind2=" ">
    <subfield code="a">IT-MiSPE</subfield>
    <subfield code="b">ita</subfield>
    <subfield code="c">IT-MiSPE</subfield>
  </datafield>
  <datafield tag="041" ind1=" " ind2=" ">
    <subfield code="h">eng</subfield>
  </datafield>
  <datafield tag="082" ind1="0" ind2="4">
    <subfield code="a">321.9-ARE ha or (23182)</subfield>
  </datafield>
  <datafield tag="100" ind1="1" ind2=" ">
    <subfield code="9">3009</subfield>
    <subfield code="a">Arendt, Hannah</subfield>
  </datafield>
  <datafield tag="240" ind1="1" ind2="0">
    <subfield code="a">Elemente und Urspr&#xFC;nge totaler Herrschaft (1962)</subfield>
    <subfield code="l">ger</subfield>
  </datafield>
  <datafield tag="245" ind1="1" ind2="3">
    <subfield code="a">Le origini del totalitarismo /</subfield>
    <subfield code="c">Hannah Arendt ; introduzione di Alberto Martinelli ; con un saggio di Simona Forti.</subfield>
  </datafield>
  <datafield tag="260" ind1=" " ind2=" ">
    <subfield code="a">Torino :</subfield>
    <subfield code="b">Einaudi</subfield>
    <subfield code="c">2004 e 2009</subfield>
  </datafield>
  <datafield tag="300" ind1=" " ind2=" ">
    <subfield code="a">lxxxii, 710 p. ;</subfield>
    <subfield code="c">21 cm</subfield>
  </datafield>
  <datafield tag="440" ind1=" " ind2=" ">
    <subfield code="a">Con un saggio di Simona Forti</subfield>
    <subfield code="9">57322</subfield>
  </datafield>
  <datafield tag="490" ind1="1" ind2=" ">
    <subfield code="a">Piccola Biblioteca Einaudi</subfield>
    <subfield code="v">459</subfield>
  </datafield>
  <datafield tag="504" ind1=" " ind2=" ">
    <subfield code="a">Bibliografia (pp. 657-686). Indice analitico (pp. 687-710).</subfield>
  </datafield>
  <datafield tag="546" ind1=" " ind2=" ">
    <subfield code="a">Traduzione sull'edizione americana (The Origins of Totalitarianism, 1966) di Amerigo Guadagnin.</subfield>
  </datafield>
  <datafield tag="655" ind1=" " ind2=" ">
    <subfield code="a">Filosofia politica</subfield>
    <subfield code="x">Forme di Stato</subfield>
    <subfield code="9">57323</subfield>
  </datafield>
  <datafield tag="700" ind1="1" ind2=" ">
    <subfield code="a">Martinelli, Alberto.</subfield>
    <subfield code="d">1940-</subfield>
    <subfield code="9">50811</subfield>
  </datafield>
  <datafield tag="700" ind1="1" ind2=" ">
    <subfield code="a">Forti, Simona</subfield>
    <subfield code="d">1958-</subfield>
    <subfield code="e">Le figure del male</subfield>
    <subfield code="9">57324</subfield>
  </datafield>
  <datafield tag="830" ind1=" " ind2="0">
    <subfield code="a">Piccola Biblioteca Einaudi</subfield>
    <subfield code="9">57325</subfield>
  </datafield>
  <datafield tag="942" ind1=" " ind2=" ">
    <subfield code="a">IT-MiSPE</subfield>
    <subfield code="c">BK</subfield>
  </datafield>
  <datafield tag="952" ind1=" " ind2=" ">
    <subfield code="0">0</subfield>
    <subfield code="1">0</subfield>
    <subfield code="2">ddc</subfield>
    <subfield code="4">0</subfield>
    <subfield code="6">321_000000000000000_9ARE_HA_OR_23182</subfield>
    <subfield code="7">1</subfield>
    <subfield code="a">CINISELLO</subfield>
    <subfield code="b">CINISELLO</subfield>
    <subfield code="d">2018-07-10</subfield>
    <subfield code="l">0</subfield>
    <subfield code="o">321.9-ARE ha or (23182)</subfield>
    <subfield code="p">9788806200640</subfield>
    <subfield code="r">2018-07-10 00:00:00</subfield>
    <subfield code="w">2018-07-10</subfield>
    <subfield code="y">BK</subfield>
  </datafield>
</record>
